[Event "Xtracon Chess Open 2016"]
[Site "Helsingor DEN"]
[Date "2016.07.24"]
[Round "2.21"]
[White "Schandorff, Lars"]
[Black "Andersen, Rune"]
[Result "1-0"]
[WhiteTitle "GM"]
[WhiteElo "2521"]
[BlackElo "2100"]
[WhiteFideId "1400070"]
[BlackFideId "1405683"]
[EventDate "2016.07.23"]

1. d4 d5 2. c4 c6 3. Nf3 Nf6 4. Nbd2 e6 5. g3 Bd6 6. Bg2 O-O 7. b3 b6 8. O-O Bb7
9. Bb2 Nbd7 10. Qc2 Re8 11. e4 dxe4 12. Nxe4 Nxe4 13. Qxe4 Qe7 14. Rad1 Rad8 15.
Rfe1 Ba8 16. Qc2 h6 17. Ne5 Nxe5 18. dxe5 Bc7 19. Rxd8 Rxd8 20. Rd1 c5 21. Bxa8
Rxa8 22. Bc3 Rd8 23. Kf1 Qe8 24. Rxd8 Qxd8 25. Kg2 Qa8+ 26. f3 Qc6 27. Qd3 a6
28. Kf2 b5 29. Ke2 b4 30. Bb2 a5 31. Qd1 Qe8 32. Qc2 Qc6 33. Qd1 Qe8 34. Qc2 Qc6
35. h4 Kh8 36. Kf2 Kg8 37. Ke2 Kh8 38. Kf2 Kg8 39. h5 Qd7 40. Ke2 Qd8 41. Qc1
Qd7 42. Qe3 Qc6 43. a4 Bd8 44. Qd3 Be7 45. Bc1 Kh8 46. Bd2 Kg8 47. Kd1 Kh8 48.
Kc2 Kg8 49. g4 Kh8 50. Kd1 Kg8 51. Ke2 Kh8 52. Bf4 Kg8 53. Kf2 Bh4+ 54. Kg2 Be7
55. Bg3 Qc7 56. Kf2 Qd8 57. Ke2 Qxd3+ 58. Kxd3 g6 59. Ke4 g5 60. f4 Bd8 61. Bf2
Be7 62. f5 Kh7 63. f6 Bf8 64. Be1 Kg8 65. Bd2 Kh8 66. Bxb4 cxb4 67. Kd4 1-0

[Event "Xtracon Chess Open 2016"]
[Site "Helsingor DEN"]
[Date "2016.07.24"]
[Round "2.22"]
[White "Delorme, Axel"]
[Black "Machlik, Endre"]
[Result "1/2-1/2"]
[WhiteTitle "IM"]
[WhiteElo "2514"]
[BlackElo "2091"]
[WhiteFideId "632023"]
[BlackFideId "1513605"]
[EventDate "2016.07.23"]

1. e4 c6 2. Nc3 d5 3. Nf3 Bg4 4. h3 Bxf3 5. Qxf3 e6 6. a3 Nd7 7. d3 Bc5 8. g3
Ne7 9. Bg2 O-O 10. O-O f5 11. Qe2 Ng6 12. Na4 Bd4 13. h4 f4 14. c3 Be5 15. Qg4
fxg3 16. fxg3 Rxf1+ 17. Bxf1 b5 18. Qxe6+ Kh8 19. Bg5 Qc7 20. exd5 cxd5 21. Qxd5
Rf8 22. Bh3 bxa4 23. Qxd7 Qb6+ 24. d4 Qxb2 25. Rf1 Bxg3 26. Rxf8+ Nxf8 27. Qf5
Qh2+ 28. Kf1 Qh1+ 29. Ke2 Qe1+ 30. Kd3 Qb1+ 31. Ke2 Qe1+ 32. Kf3 Qxc3+ 33. Be3
Qxa3 34. h5 Bh4 35. Bf1 Bf6 36. Qd5 Qa1 37. Kg2 Qd1 38. Bc4 Qg4+ 39. Kf1 Qd1+
40. Kg2 Qg4+ 41. Kf1 Qd1+ 42. Kg2 1/2-1/2

[Event "Xtracon Chess Open 2016"]
[Site "Helsingor DEN"]
[Date "2016.07.24"]
[Round "2.23"]
[White "Schroeder, Jan-Christian"]
[Black "Palozza, Christian"]
[Result "1-0"]
[WhiteTitle "GM"]
[WhiteElo "2507"]
[BlackElo "2090"]
[WhiteFideId "24662259"]
[BlackFideId "895580"]
[EventDate "2016.07.23"]

1. e4 c6 2. d4 d5 3. e5 c5 4. dxc5 e6 5. a3 Bxc5 6. b4 Bb6 7. Nf3 Nc6 8. Bd3
Nge7 9. O-O Ng6 10. Bb2 Nf4 11. Nc3 a6 12. Ne2 Nxd3 13. Qxd3 Bd7 14. c4 dxc4 15.
Qxc4 Rc8 16. Qg4 O-O 17. Ng3 Ne7 18. Rad1 Rc2 19. Bd4 Bb5 20. Bc5 Bxc5 21. Rxd8
Rxd8 22. bxc5 Bxf1 23. Nxf1 Rd1 24. Qa4 1-0

[Event "Xtracon Chess Open 2016"]
[Site "Helsingor DEN"]
[Date "2016.07.24"]
[Round "2.24"]
[White "Nielsen, Klaus"]
[Black "Rasmussen, Allan Stig"]
[Result "0-1"]
[BlackTitle "GM"]
[WhiteElo "2089"]
[BlackElo "2504"]
[WhiteFideId "1410210"]
[BlackFideId "1406000"]
[EventDate "2016.07.23"]

1. d4 d5 2. Nf3 Nf6 3. e3 c5 4. c4 cxd4 5. exd4 g6 6. Nc3 Bg7 7. Qb3 dxc4 8.
Bxc4 O-O 9. Ne5 e6 10. Be3 Nbd7 11. Nxd7 Nxd7 12. O-O Nb6 13. Rfd1 Nxc4 14. Qxc4
b6 15. Rac1 Bb7 16. d5 e5 17. h4 h6 18. d6 Qd7 19. Nd5 Kh7 20. h5 Rac8 21. hxg6+
fxg6 22. Nc7 Rf6 23. Qb4 Bf8 24. Nb5 Bc6 25. Qh4 Rf7 26. Nc7 Bb7 27. a4 Rf5 28.
Rc3 Rh5 29. Qf6 Rh1+ 0-1

[Event "Xtracon Chess Open 2016"]
[Site "Helsingor DEN"]
[Date "2016.07.24"]
[Round "2.25"]
[White "Leenhouts, Koen"]
[Black "Madsen, Michael B."]
[Result "1-0"]
[WhiteTitle "IM"]
[WhiteElo "2491"]
[BlackElo "2089"]
[WhiteFideId "1008439"]
[BlackFideId "1413031"]
[EventDate "2016.07.23"]

1. d4 Nf6 2. c4 e6 3. g3 c5 4. d5 b5 5. dxe6 fxe6 6. Bg2 d5 7. cxd5 Bb7 8. e4
exd5 9. e5 Ne4 10. Nh3 Qa5+ 11. Nd2 Nxd2 12. Bxd2 Qc7 13. O-O d4 14. Bxb7 Qxb7
15. Qg4 a6 16. Qe6+ Qe7 17. Qc8+ Qd8 18. Qb7 Nd7 19. e6 Ne5 20. Bf4 Rb8 21. Qe4
Nc4 22. Qc6+ 1-0

[Event "Xtracon Chess Open 2016"]
[Site "Helsingor DEN"]
[Date "2016.07.24"]
[Round "2.26"]
[White "Nielsen, Jorgen Lovgren"]
[Black "Zoler, Dan"]
[Result "0-1"]
[BlackTitle "GM"]
[WhiteElo "2085"]
[BlackElo "2484"]
[WhiteFideId "1403850"]
[BlackFideId "2800705"]
[EventDate "2016.07.23"]

1. e4 c5 2. Bc4 d6 3. Ne2 Nf6 4. Nbc3 a6 5. a4 g6 6. d4 cxd4 7. Nxd4 Bg7 8. O-O
O-O 9. Nb3 b6 10. f3 Bb7 11. Be3 Nbd7 12. Qd2 Qc7 13. Be2 Rfd8 14. Rfd1 Rac8 15.
Rac1 Nc5 16. Qe1 Re8 17. Qf2 Nfd7 18. Bd4 Nxb3 19. cxb3 Bxd4 20. Qxd4 Qc5 21. b4
Qxd4+ 22. Rxd4 Rc7 23. Rcd1 Rec8 24. Kf2 Ne5 25. Ke3 g5 26. R1d2 Kg7 27. Rd1 h5
28. g3 Rh8 29. Nd5 Bxd5 30. Rxd5 h4 31. f4 gxf4+ 32. gxf4 Nc4+ 33. Bxc4 Rxc4 34.
Rg1+ Kf6 35. Rd4 Rc2 36. Rd2 Rhc8 37. Rgg2 Rxd2 38. Rxd2 Rc4 39. Rd4 Rc2 40. Rd2
Rxd2 41. Kxd2 Ke6 42. Ke3 f5 43. Kd4 fxe4 44. Kxe4 Kf6 45. Kd5 e5 46. Ke4 Ke6
47. fxe5 dxe5 48. a5 b5 49. h3 Kd6 50. Kf3 Kd5 51. Kg4 Ke4 52. Kxh4 Kf4 53. Kh5
e4 54. h4 e3 55. Kg6 e2 56. h5 e1=Q 57. h6 Qe4+ 58. Kg7 Kg5 59. h7 Qg6+ 0-1

[Event "Xtracon Chess Open 2016"]
[Site "Helsingor DEN"]
[Date "2016.07.24"]
[Round "2.27"]
[White "Ringoir, Tanguy"]
[Black "Holleland, Sigve"]
[Result "1-0"]
[WhiteTitle "GM"]
[WhiteElo "2474"]
[BlackElo "2087"]
[WhiteFideId "208027"]
[BlackFideId "1513672"]
[EventDate "2016.07.23"]

1. d4 Nf6 2. c4 e6 3. g3 d5 4. Nf3 dxc4 5. Bg2 Nbd7 6. O-O Be7 7. Qa4 O-O 8.
Qxc4 Rb8 9. Nc3 Nb6 10. Qd3 Bd7 11. e4 Be8 12. Bf4 Rc8 13. Rad1 c5 14. Qe2 cxd4
15. Nxd4 Nbd7 16. e5 Nd5 17. Bxd5 exd5 18. Nxd5 Nb6 19. Nf5 Nxd5 20. Rxd5 Bd7
21. Rxd7 Qxd7 22. Qg4 1-0

[Event "Xtracon Chess Open 2016"]
[Site "Helsingor DEN"]
[Date "2016.07.24"]
[Round "2.28"]
[White "Molgaard, Steen"]
[Black "Sipila, Vilka"]
[Result "0-1"]
[BlackTitle "IM"]
[WhiteElo "2078"]
[BlackElo "2458"]
[WhiteFideId "1448056"]
[BlackFideId "505455"]
[EventDate "2016.07.23"]

1. c4 e6 2. Nc3 d5 3. d4 c6 4. e3 Nf6 5. Nf3 Nbd7 6. Be2 dxc4 7. Bxc4 b5 8. Bd3
Bb7 9. O-O a6 10. b3 c5 11. Bb2 Bd6 12. Rc1 O-O 13. Bb1 Qe7 14. Ne2 Rac8 15. Ng3
c4 16. bxc4 bxc4 17. Qe2 Nb6 18. e4 Bf4 19. e5 Nfd5 20. Nh5 c3 21. Qe4 g6 22.
Nxf4 cxb2 23. Rxc8 Rxc8 24. Nxd5 Nxd5 25. Qd3 Rc1 26. Qd2 Qa3 27. Qh6 Nc3 28.
Nd2 Nxb1 29. Nxb1 Rxf1+ 30. Kxf1 Qd3+ 0-1

[Event "Xtracon Chess Open 2016"]
[Site "Helsingor DEN"]
[Date "2016.07.24"]
[Round "2.29"]
[White "Carlstedt, Jonathan"]
[Black "Jensen, Thore Nyboe"]
[Result "1-0"]
[WhiteTitle "IM"]
[WhiteElo "2457"]
[BlackElo "2081"]
[WhiteFideId "24614386"]
[BlackFideId "1405349"]
[EventDate "2016.07.23"]

1. d4 Nf6 2. c4 e6 3. Nc3 d5 4. cxd5 exd5 5. Bg5 Be7 6. Qc2 c6 7. e3 Bg4 8. Bd3
Nbd7 9. h3 Bh5 10. Nf3 Bg6 11. Bxg6 hxg6 12. O-O-O O-O 13. h4 Re8 14. Ne5 Rc8
15. Bxf6 Bxf6 16. f4 c5 17. h5 g5 18. h6 g6 19. h7+ Kg7 20. h8=Q+ Rxh8 21. Rxh8 1-0

[Event "Xtracon Chess Open 2016"]
[Site "Helsingor DEN"]
[Date "2016.07.24"]
[Round "2.30"]
[White "Stray, Gunnar"]
[Black "Tarjan, James E"]
[Result "0-1"]
[BlackTitle "GM"]
[WhiteElo "2074"]
[BlackElo "2447"]
[WhiteFideId "1501631"]
[BlackFideId "2000180"]
[EventDate "2016.07.23"]

1. d4 Nf6 2. Nf3 d6 3. g3 Nbd7 4. Bg2 e5 5. dxe5 dxe5 6. O-O Bc5 7. Nc3 O-O 8.
Nd2 Qe7 9. Nde4 Bd4 10. Bg5 c6 11. e3 Bxc3 12. Nxc3 h6 13. Bxf6 Nxf6 14. Qe2 Bg4
15. f3 Be6 16. a3 Qc5 17. Qf2 Rad8 18. e4 Qa5 19. Rfd1 c5 20. Qe3 a6 21. Bf1 Qc7
22. a4 Qa5 23. b3 Rd4 24. Ne2 Rxd1 25. Rxd1 c4 26. Nc1 cxb3 27. cxb3 Rc8 28. Be2
Rc3 29. Rd3 Rc2 30. Bd1 Rxc1 0-1

[Event "Xtracon Chess Open 2016"]
[Site "Helsingor DEN"]
[Date "2016.07.24"]
[Round "2.31"]
[White "Goh, Wei Ming Kevin"]
[Black "Johansen, Paul"]
[Result "1-0"]
[WhiteTitle "IM"]
[WhiteElo "2435"]
[BlackElo "2077"]
[WhiteFideId "5800706"]
[BlackFideId "1503510"]
[EventDate "2016.07.23"]

1. e4 e6 2. d4 c5 3. Nf3 cxd4 4. Nxd4 a6 5. c4 Nf6 6. Nc3 Bb4 7. Qd3 Nc6 8. Nxc6
dxc6 9. Qxd8+ Kxd8 10. e5 Ne4 11. a3 Bxc3+ 12. bxc3 Nxc3 13. a4 Bd7 14. Bd2 Ne4
15. Ba5+ Kc8 16. f3 Nc5 17. Bb6 Nb3 18. Rb1 c5 19. Rxb3 Bxa4 20. Ra3 Bc6 21. Be2
f6 22. O-O Kd7 23. Rd1+ Ke8 24. f4 Rc8 25. Bf3 Bd7 26. Rad3 Ba4 27. Bxb7 Rb8 28.
Rd8+ Kf7 29. Rxh8 Rxb7 30. Ra1 Bb3 31. Rxa6 Kg6 32. exf6 Bxc4 33. Ra7 Rxb6 34.
f7 Rb1+ 35. Kf2 e5 36. f5+ Kg5 37. f8=Q Kf4 38. g3+ Ke4 39. Qa8+ 1-0

[Event "Xtracon Chess Open 2016"]
[Site "Helsingor DEN"]
[Date "2016.07.24"]
[Round "2.32"]
[White "Brondum, Eric"]
[Black "Ochsner, Bjorn Moller"]
[Result "1/2-1/2"]
[WhiteTitle "FM"]
[BlackTitle "FM"]
[WhiteElo "2068"]
[BlackElo "2417"]
[WhiteFideId "1400894"]
[BlackFideId "1416928"]
[EventDate "2016.07.23"]

1. d4 Nf6 2. Bg5 e6 3. e4 h6 4. Bxf6 Qxf6 5. Qd2 d5 6. Nc3 Bb4 7. e5 Qd8 8. a3
Be7 9. f4 c5 10. Nf3 Nc6 11. Be2 Bd7 12. O-O cxd4 13. Nb5 d3 14. Bxd3 Qb6+ 15.
Kh1 Nxe5 16. Nxe5 Bxb5 17. f5 exf5 18. Rxf5 O-O 19. Raf1 Bg5 20. Qe2 f6 21. Ng6
Rfe8 22. Ne7+ Kf8 23. Ng6+ Kg8 24. Ne7+ Kf8 25. Ng6+ Kf7 26. Qh5 Kg8 27. Rxd5
Bxd3 28. Rxd3 Qf2 29. Qd1 Qe2 30. h4 Kh7 31. Nf8+ Kg8 32. Ng6 Qxd1 33. Rfxd1 Kh7
34. h5 Rac8 35. c3 Be3 36. Re1 Bf2 37. Rxe8 Rxe8 38. g4 Bb6 39. Rd7 Kg8 40. Ne7+
Kf8 41. Nf5 Re1+ 42. Kg2 Re2+ 43. Kf3 Rxb2 44. Rxb7 Rc2 45. Nxg7 Rxc3+ 46. Ke4
Rxa3 47. Nf5 Ra4+ 48. Kf3 Ra3+ 49. Ke4 Ra4+ 50. Kf3 Ra3+ 51. Ke4 Ra4+ 1/2-1/2

[Event "Xtracon Chess Open 2016"]
[Site "Helsingor DEN"]
[Date "2016.07.24"]
[Round "2.33"]
[White "Christiansen, Johan-Sebastian"]
[Black "Fossan, Andreas"]
[Result "1-0"]
[WhiteTitle "IM"]
[WhiteElo "2411"]
[BlackElo "2071"]
[WhiteFideId "1512668"]
[BlackFideId "1516108"]
[EventDate "2016.07.23"]

1. c4 c5 2. Nf3 Nc6 3. Nc3 g6 4. e3 Nf6 5. d4 cxd4 6. exd4 d5 7. cxd5 Nxd5 8.
Qb3 Nxc3 9. Bc4 Nd5 10. Bxd5 e6 11. Bxc6+ bxc6 12. O-O Qd5 13. Be3 Bd6 14. Nd2
Rb8 15. Qc2 O-O 16. Rfc1 Bb7 17. Ne4 Be7 18. f3 f6 19. Qa4 Qb5 20. Qxb5 cxb5 21.
Rc7 Bd8 22. Rd7 Rf7 23. Rxf7 Kxf7 24. Bf4 e5 25. dxe5 fxe5 26. Bxe5 Ra8 27. Nd6+
Ke6 28. Bg3 Bc6 29. Rc1 Bd7 30. Re1+ Kf6 31. Kf1 Bb6 32. Bh4+ g5 33. Ne4+ Kg6
34. Bxg5 b4 35. Be3 Bb5+ 36. Kf2 Rc8 37. Rd1 Rc2+ 38. Rd2 Bxe3+ 39. Kxe3 Rc6 40.
Rd6+ Rxd6 41. Nxd6 Bf1 42. g4 Kf6 43. Ne4+ Ke7 44. f4 Bh3 45. Kf3 Bf1 46. f5 Bc4
47. a3 bxa3 48. bxa3 Kd7 49. Nf6+ Kc6 50. Nxh7 Kb5 51. g5 Ka4 52. g6 1-0

[Event "Xtracon Chess Open 2016"]
[Site "Helsingor DEN"]
[Date "2016.07.24"]
[Round "2.34"]
[White "Roder, Peter"]
[Black "Holm, Kristian Stuvik"]
[Result "0-1"]
[BlackTitle "IM"]
[WhiteElo "2056"]
[BlackElo "2411"]
[WhiteFideId "1402471"]
[BlackFideId "1508083"]
[EventDate "2016.07.23"]

1. e4 c5 2. Nf3 Nc6 3. Nc3 g6 4. Bc4 Bg7 5. O-O e6 6. a4 Nge7 7. d3 O-O 8. Bg5
h6 9. Bh4 g5 10. Bg3 d5 11. Ba2 f5 12. exf5 exf5 13. h3 f4 14. Bh2 g4 15. hxg4
Bxg4 16. Qd2 Bxf3 17. gxf3 Nd4 18. Kg2 Kh7 19. Bxf4 Ng6 20. Bg3 Nxf3 21. Qd1
Ngh4+ 0-1

[Event "Xtracon Chess Open 2016"]
[Site "Helsingor DEN"]
[Date "2016.07.24"]
[Round "2.35"]
[White "Kristiansen, Jens"]
[Black "Schrodt, Sebastian"]
[Result "1-0"]
[WhiteTitle "GM"]
[WhiteElo "2410"]
[BlackElo "2060"]
[WhiteFideId "1400061"]
[BlackFideId "24675563"]
[EventDate "2016.07.23"]

1. d4 Nf6 2. Nf3 c5 3. d5 e6 4. Nc3 exd5 5. Nxd5 Nxd5 6. Qxd5 d6 7. e4 Nc6 8.
Bc4 Be6 9. Qd3 Bxc4 10. Qxc4 Ne5 11. Nxe5 dxe5 12. Be3 Qc7 13. O-O-O Be7 14.
Qb5+ Qc6 15. Qxc6+ bxc6 16. Rd3 Rb8 17. Rhd1 Rb4 18. Rd7 Ra4 19. Rb7 1-0

[Event "Xtracon Chess Open 2016"]
[Site "Helsingor DEN"]
[Date "2016.07.24"]
[Round "2.36"]
[White "Machlik, Monika"]
[Black "Zude, Erik"]
[Result "0-1"]
[BlackTitle "IM"]
[WhiteElo "2045"]
[BlackElo "2403"]
[WhiteFideId "1513621"]
[BlackFideId "4604644"]
[EventDate "2016.07.23"]

1. d4 Nf6 2. c4 e6 3. Nc3 Bb4 4. Qc2 O-O 5. a3 Bxc3+ 6. Qxc3 b6 7. Bg5 Bb7 8. f3
d6 9. e4 c5 10. dxc5 bxc5 11. Bd3 Nc6 12. Be3 a5 13. Ne2 a4 14. O-O Qb6 15. Rfd1
Ne5 16. Qc2 Bc6 17. Nc3 Rfb8 18. Rab1 Nxd3 19. Rxd3 Ne8 20. Rd2 Qa6 21. Qd3 e5
22. Qe2 Rb3 23. Rc1 Rab8 24. Rcc2 Qb7 25. Nd1 Qe7 26. Rc3 Nc7 27. Qd3 Ne8 28.
Qe2 Qb7 29. Rcc2 Bd7 30. Bf2 f5 31. exf5 Bxf5 32. Rc3 Rb6 33. Be3 Nc7 34. f4 Ne6
35. fxe5 dxe5 36. Qf2 Nd4 37. Qg3 Rg6 38. Qf2 Nf3+ 39. Kh1 Be4 0-1

[Event "Xtracon Chess Open 2016"]
[Site "Helsingor DEN"]
[Date "2016.07.24"]
[Round "2.37"]
[White "Haria, Ravi"]
[Black "Skjoldager, Mikael"]
[Result "1-0"]
[WhiteTitle "FM"]
[WhiteElo "2394"]
[BlackElo "2054"]
[WhiteFideId "415820"]
[BlackFideId "1434314"]
[EventDate "2016.07.23"]

1. Nf3 Nf6 2. g3 g6 3. Bg2 Bg7 4. d4 O-O 5. c4 d5 6. O-O c6 7. Nbd2 h6 8. b3 Bf5
9. Bb2 g5 10. Ne5 Qc8 11. Rc1 Bh3 12. cxd5 Bxg2 13. Kxg2 Nxd5 14. e4 Nc7 15.
Ndc4 Nd7 16. Qe2 Nxe5 17. dxe5 Qe6 18. f4 gxf4 19. gxf4 f5 20. Ne3 Qg6+ 21. Kh1
fxe4 22. f5 Qg5 23. Rg1 Qh4 24. Rg4 Qh3 25. Rcg1 1-0

[Event "Xtracon Chess Open 2016"]
[Site "Helsingor DEN"]
[Date "2016.07.24"]
[Round "2.38"]
[White "Thaler, Toni"]
[Black "Hoi, Carsten"]
[Result "0-1"]
[BlackTitle "GM"]
[WhiteElo "2037"]
[BlackElo "2386"]
[WhiteFideId "1303864"]
[BlackFideId "1400100"]
[EventDate "2016.07.23"]

1. d4 d5 2. Bf4 c5 3. c3 Nc6 4. e3 Qb6 5. Qb3 f6 6. Qxb6 axb6 7. Bb5 Kd8 8. h4
Bd7 9. h5 e6 10. Nd2 Nge7 11. Ngf3 Nxd4 12. Nxd4 cxd4 13. Bxd7 Kxd7 14. exd4 Nc6
15. Nf3 b5 16. Kd2 b4 17. cxb4 Bxb4+ 18. Kd3 Be7 19. a3 Ra4 20. Bg3 b5 21. Rac1
Rc8 22. Rc3 b4 23. axb4 Bxb4 24. Rc2 Bd6 25. Bxd6 Kxd6 26. Ke3 Rb8 27. Rhc1 Rb6
28. Rc3 Rab4 29. R1c2 Ne7 30. Rc7 Rb7 31. Rxb7 Rxb7 32. g4 Rb3+ 33. Ke2 Nc6 34.
Rd2 Na5 35. Rc2 Nc4 36. Nd2 Rb4 37. Nxc4+ dxc4 38. f3 Kd5 39. Rd2 Ra4 40. Ke3
Ra1 41. Kf2 g6 42. hxg6 hxg6 43. g5 fxg5 44. Re2 Rb1 45. Rd2 Rh1 46. Ke3 Rh4 47.
Rg2 Rxd4 48. Rxg5+ e5 49. Rxg6 Rd3+ 50. Ke2 Rb3 51. Rg8 Rxb2+ 52. Ke3 Rb3+ 53.
Ke2 Kd4 54. Rd8+ Kc3 55. Rc8 Rb5 56. Ke3 Kb3 57. Kd2 Rd5+ 58. Kc1 Rd3 59. Rc5
Rxf3 60. Rxe5 Rf1+ 61. Kd2 c3+ 62. Kd3 Rd1+ 63. Ke2 c2 64. Rb5+ Kc4 65. Rb8 c1=Q
66. Rc8+ Kb5 0-1

[Event "Xtracon Chess Open 2016"]
[Site "Helsingor DEN"]
[Date "2016.07.24"]
[Round "2.39"]
[White "Thybo, Jesper Sondergaard"]
[Black "Nielsen, Andre"]
[Result "1-0"]
[WhiteTitle "FM"]
[WhiteElo "2385"]
[BlackElo "2047"]
[WhiteFideId "1438832"]
[BlackFideId "1518240"]
[EventDate "2016.07.23"]

1. Nf3 Nf6 2. c4 e6 3. Nc3 d5 4. d4 Be7 5. Bg5 O-O 6. e3 b6 7. cxd5 exd5 8. Bd3
Bb7 9. Bxf6 Bxf6 10. Qc2 h6 11. h4 c5 12. dxc5 bxc5 13. O-O-O Qa5 14. Qb3 Qb6
15. Bc2 d4 16. Ne4 Qxb3 17. Nxf6+ gxf6 18. Bxb3 Bxf3 19. gxf3 Nc6 20. Rhg1+ Kh8
21. Kb1 Rad8 22. Ba4 Ne5 23. f4 Nf3 24. Rg3 Nxh4 25. Rh3 Ng6 26. f5 Ne7 27.
Rxh6+ Kg7 28. Rh4 Rg8 29. exd4 cxd4 30. Rhxd4 Rxd4 31. Rxd4 Nxf5 32. Rd7 Re8 33.
Rxa7 Re1+ 34. Kc2 Re2+ 35. Kc3 Rxf2 36. Bc6 Re2 37. b4 Ne7 38. b5 f5 39. Kd3 Re6
40. Rxe7 Rxe7 41. b6 Re6 42. b7 Rd6+ 43. Ke3 Rd8 44. a4 1-0

[Event "Xtracon Chess Open 2016"]
[Site "Helsingor DEN"]
[Date "2016.07.24"]
[Round "2.40"]
[White "Stake-Larsen, Gunnar"]
[Black "Colpe, Malte"]
[Result "0-1"]
[WhiteElo "2034"]
[BlackElo "2385"]
[WhiteFideId "1503227"]
[BlackFideId "24623075"]
[EventDate "2016.07.23"]

1. d4 d5 2. Nf3 Nf6 3. c4 dxc4 4. e3 Bg4 5. Bxc4 e6 6. O-O Nc6 7. Nbd2 Bd6 8.
Qc2 O-O 9. a3 a6 10. Bd3 Re8 11. Ng5 h6 12. Nge4 e5 13. Nxf6+ Qxf6 14. Ne4 Qe7
15. Nxd6 cxd6 16. d5 Nb8 17. e4 Nd7 18. Be3 Rec8 19. Qd2 Nc5 20. Rfc1 Nb3 21.
Rxc8+ Rxc8 0-1

[Event "Xtracon Chess Open 2016"]
[Site "Helsingor DEN"]
[Date "2016.07.24"]
[Round "2.41"]
[White "Jacobsen, Fredrik Beer"]
[Black "Jensson, Einar Hjalti"]
[Result "0-1"]
[BlackTitle "IM"]
[WhiteElo "2028"]
[BlackElo "2371"]
[WhiteFideId "1507044"]
[BlackFideId "2301067"]
[EventDate "2016.07.23"]

1. e4 c5 2. Nc3 Nc6 3. g3 g6 4. Bg2 Bg7 5. d3 a6 6. a4 e6 7. Be3 b6 8. Nge2 Bb7
9. d4 cxd4 10. Nxd4 Nge7 11. O-O O-O 12. f4 Qc7 13. e5 Na5 14. Bxb7 Nxb7 15. Qe2
d6 16. exd6 Nxd6 17. Rad1 Nc4 18. Bc1 Qc5 19. Qf2 Qb4 20. Nce2 Nxb2 21. Bxb2
Qxb2 22. Rb1 Qa3 23. Rxb6 Qxa4 24. Rfb1 Nd5 25. Rb7 Rfd8 26. Nb3 Qc6 27. Nbd4
Qc5 0-1

[Event "Xtracon Chess Open 2016"]
[Site "Helsingor DEN"]
[Date "2016.07.24"]
[Round "2.42"]
[White "Haubro, Martin"]
[Black "Svane, Frederik"]
[Result "1-0"]
[WhiteTitle "FM"]
[WhiteElo "2370"]
[BlackElo "2044"]
[WhiteFideId "1414291"]
[BlackFideId "12923044"]
[EventDate "2016.07.23"]

1. e4 c5 2. Nf3 e6 3. d4 cxd4 4. Nxd4 a6 5. Bd3 Qb6 6. Nb3 Qc7 7. O-O Nf6 8. f4
d6 9. c4 Nbd7 10. Be3 b6 11. Nc3 Bb7 12. a4 h5 13. h3 Be7 14. a5 bxa5 15. Nxa5
Nc5 16. Nxb7 Nxd3 17. Na5 Nc5 18. e5 dxe5 19. fxe5 Qxe5 20. Qf3 Rc8 21. Nc6 Qc7
22. Nxe7 Qxe7 23. b4 Nd3 24. Rxa6 Nxb4 25. Ra7 Qd6 26. Nb5 Qd8 27. Rd1 Nbd5 28.
cxd5 exd5 29. Bd4 Rh6 30. Qa3 Ne4 31. Bxg7 Qb6+ 32. Nd4 Rd6 33. Qa4+ Rcc6 34.
Ra8+ Kd7 35. Qa7+ Rc7 36. Qxb6 Rxb6 37. Nf3 1-0

[Event "Xtracon Chess Open 2016"]
[Site "Helsingor DEN"]
[Date "2016.07.24"]
[Round "2.43"]
[White "Sowray, Peter J"]
[Black "Meurman, Arne"]
[Result "1-0"]
[WhiteTitle "FM"]
[WhiteElo "2348"]
[BlackElo "2035"]
[WhiteFideId "400971"]
[BlackFideId "1704923"]
[EventDate "2016.07.23"]

1. e4 c5 2. Nf3 e6 3. g3 Nc6 4. Bg2 g6 5. d4 cxd4 6. Nxd4 d6 7. Nc3 a6 8. O-O
Bg7 9. Nb3 Nge7 10. a4 b6 11. Be3 Ne5 12. Qe2 Qc7 13. Nd2 Bb7 14. Rfd1 Rc8 15.
f4 Nd7 16. Nf1 Nc5 17. Qd2 Rd8 18. Bd4 Bxd4+ 19. Qxd4 e5 20. fxe5 dxe5 21. Qxd8+
Qxd8 22. Rxd8+ Kxd8 23. Ne3 f5 24. exf5 Bxg2 25. Kxg2 gxf5 26. Nc4 Ng6 27. Nxb6
Kc7 28. Nbd5+ Kc6 29. b4 Ne6 30. b5+ axb5 31. axb5+ Kb7 32. Ra6 Nd4 33. Rb6+ Ka7
34. Rd6 f4 35. Rd7+ Kb8 36. b6 f3+ 37. Kf2 e4 38. Nxe4 Ne5 39. Rg7 h5 40. h3 Rd8
41. Nc5 1-0

[Event "Xtracon Chess Open 2016"]
[Site "Helsingor DEN"]
[Date "2016.07.24"]
[Round "2.44"]
[White "Arndt, Uwe"]
[Black "Percivaldi, Martin"]
[Result "0-1"]
[BlackTitle "FM"]
[WhiteElo "2023"]
[BlackElo "2347"]
[WhiteFideId "24647713"]
[BlackFideId "1508148"]
[EventDate "2016.07.23"]

1. d4 Nf6 2. c4 e6 3. Nc3 Bb4 4. Bd2 b6 5. Nf3 Bb7 6. g3 O-O 7. Bg2 d6 8. O-O
Nbd7 9. Re1 Bxc3 10. Bxc3 Ne4 11. Qd3 f5 12. b4 Qe7 13. Bb2 Rab8 14. Rad1 Ndf6
15. c5 Bd5 16. cxd6 cxd6 17. a4 Rfc8 18. Rc1 Qb7 19. h3 Rxc1 20. Rxc1 Rc8 21.
Rc2 Rc7 22. Ne1 Qc8 23. a5 Bc4 24. Qa3 b5 25. Nd3 Nd5 26. g4 g6 27. Rc1 a6 28.
Rd1 Bxd3 29. Rxd3 Rc2 30. gxf5 exf5 31. f3 Ng3 32. e4 Rxg2+ 33. Kxg2 Qc2+ 34.
Kxg3 f4+ 35. Kh4 Qf2+ 36. Kg5 Qg3+ 37. Kh6 Qh4# 0-1

[Event "Xtracon Chess Open 2016"]
[Site "Helsingor DEN"]
[Date "2016.07.24"]
[Round "2.45"]
[White "Petersen, Tom Petri"]
[Black "Weber, Samuel"]
[Result "1-0"]
[WhiteTitle "FM"]
[WhiteElo "2346"]
[BlackElo "2031"]
[WhiteFideId "1403486"]
[BlackFideId "12924008"]
[EventDate "2016.07.23"]

1. Nf3 d5 2. g3 c5 3. Bg2 Nc6 4. O-O Nf6 5. d3 e5 6. e4 dxe4 7. dxe4 Qxd1 8.
Rxd1 Bg4 9. c3 Be7 10. Nbd2 O-O 11. Re1 b5 12. Nf1 Be6 13. Ne3 Nxe4 14. Nd2 Nxd2
15. Bxc6 Rac8 16. Bg2 Rfd8 17. b3 Rd3 18. c4 bxc4 19. Bxd2 Rxd2 20. bxc4 Bf6 21.
Red1 Rd4 22. Bd5 Bxd5 23. cxd5 c4 24. h4 c3 25. Rac1 Kf8 26. Kf1 g6 27. Ke2 Ke7
28. Rd3 Ra4 29. Rdxc3 Rxa2+ 30. Ke1 Rxc3 31. Rxc3 Kd7 32. Rb3 e4 33. Nc4 Ra4 34.
Rb7+ Kd8 35. Nd6 Be7 36. Nxf7+ Ke8 37. Ne5 Bc5 38. Ng4 h5 39. Nf6+ Kd8 40. d6
Bb4+ 41. Ke2 Ra2+ 42. Ke3 Bc5+ 43. Kxe4 Bxd6 44. Rd7+ Kc8 45. Rxd6 Rxf2 46. Nd5
a5 47. Rxg6 Kb7 48. Nc3 Rc2 49. Kd3 Rg2 50. Kc4 Rc2 51. Kb3 Rg2 52. Nd5 Rd2 53.
Nf4 1-0